00581nam a22001457a 4500020000800000040001700008082001800025100003800043245014700081260004100228300003500269942001200304999001900316952010000335 qHB. cFizza Ishaq  a616.8527bROB aM. D, Hirschfield Robert.9133808 aWhen the Blues Won't Go Away: New Approaches to Dysthymic Disorder and Other Forms of Chronic Low-Grade Depression /cRobert Hirschfield M. D. a New York;bMacmillan Pub Co,c1991. a195 p. ;c6.5 x 1 x 9.5 inches 2ddccBK c616776d616776 00102ddc4070aNQCbNQCcGENd2026-04-01l0o616.8527 ROBpQD-762r2026-04-01w2026-04-01yBK